00634nam a2200217 a 450000100060000000300080000600500170001400800410003102000150007203500190008704000320010604100080013808200240014610000220017024500760019225000120026826000460028030000280032650000190035465000430037349884BD-RjUL20211209075427.0160823m19811973dcua 001 0 eng d a0801622166 a(BD-RjUL)50004 aGPOcGPOdMvIdBD-RjULbeng aeng 223a613.7bHOP 1981 aHockey, Robert V.10aPhysical fitness :bThe pathway to healthful living /cRobert V. Hockey a4th ed. aLondon :bThe C. V. Mosby Company,c1981. a151 p. :bill ;c24 cm. aIncludes index 0aExercisevPhysical fitnessxGymnastics